| 000 | 00935nam a22002177a 4500 | ||
|---|---|---|---|
| 999 |
_c18546 _d18546 |
||
| 003 | AR-CdUCM | ||
| 008 | 190514b ||||| |||| 00| 0 spa d | ||
| 040 |
_aMUNICIPALIDAD PROVINCIAL DEL CUSCO _cBIBLIOTECA MUNICIPAL DEL CUSCO |
||
| 082 |
_a131.34 / _bO34 |
||
| 100 |
_aOdier, Charles. _937047 |
||
| 245 |
_aEl hombre, esclavo de su inferioridad : _bEnsayo sobre la génesis del yo / |
||
| 260 |
_aMéxico : _bFondo de cultura económica, _c1962. |
||
| 300 |
_a266 páginas ; _c22 cm. |
||
| 440 |
_aBiblioteca de psicología y psicoanálisis. _923276 |
||
| 505 | _aContenido : La forma primaria del complejo de inferioridad -- El estado protopático: instintos y afectos -- La crisis de los ocho meses -- Pavlov y la reflexología -- Jung y la paleopsicología ... | ||
| 650 |
_aHombre. _9838 |
||
| 650 |
_aInferioridad. _922088 |
||
| 700 |
_aMillán, Alfonso (traductor) _939195 |
||
| 942 |
_2ddc _cLIBROS |
||
| 945 |
_arum _d2019-05-14 |
||